| 000 | 00485nam a2200193Ia 4500 | ||
|---|---|---|---|
| 005 | 20250325053247.0 | ||
| 008 | 240331s9999 xx 000 0 und d | ||
| 020 | _a0415081912 | ||
| 082 |
_a302.23 _bSOC _25400 |
||
| 245 | 0 | _aSocial Scientists Meet the Media | |
| 260 |
_aLondon; _aNew York, _bRoutledge _c1994 |
||
| 300 | _axiv, 227 p., | ||
| 650 | _aMedia | ||
| 650 | _aSocial Science | ||
| 650 | _aSociology | ||
| 700 |
_aHaslam, C _eedt |
||
| 700 |
_aBryman, A _eedt |
||
| 942 | _cL | ||
| 999 |
_c1146 _d1146 |
||